International Economics (Record no. 87305)

MARC details
000 -LEADER
fixed length control field 00528nam a2200205Ia 4500
008 - FIXED-LENGTH DATA ELEMENTS--GENERAL INFORMATION
fixed length control field 230125s9999 xx 000 0 und d
020 ## - INTERNATIONAL STANDARD BOOK NUMBER
International Standard Book Number 1-25-909742-0
041 ## - LANGUAGE CODE
Language code of text/sound track or separate title eng
082 ## - DEWEY DECIMAL CLASSIFICATION NUMBER
Classification number 337
Item number APP/FIE
100 ## - MAIN ENTRY--PERSONAL NAME
Personal name Appleyard D R
9 (RLIN) 110458
245 ## - TITLE STATEMENT
Title International Economics
250 ## - EDITION STATEMENT
Edition statement 8th ed
260 ## - PUBLICATION, DISTRIBUTION, ETC. (IMPRINT)
Date of publication, distribution, etc. 2014
Name of publisher, distributor, etc. Tata McGraw Hill
Place of publication, distribution, etc. New Delhi
300 ## - PHYSICAL DESCRIPTION
Extent 824p
500 ## - GENERAL NOTE
Keywords International economics
650 ## - SUBJECT ADDED ENTRY--TOPICAL TERM
Topical term or geographic name as entry element Economics
700 ## - ADDED ENTRY--PERSONAL NAME
Personal name Appleyard D R & Field A J
9 (RLIN) 110459
906 ## - LOCAL DATA ELEMENT F, LDF (RLIN)
b 135
Holdings
Withdrawn status Lost status Damaged status Not for loan Home library Current library Date acquired Vendor Cost, normal purchase price Bill number Total Checkouts Full call number Barcode Date last seen Cost, replacement price Bill Date Koha item type Original Barcode
        Smt. Hiraben Nanavati Institute of Management & Research for Women Smt. Hiraben Nanavati Institute of Management & Research for Women 28/08/2013 Forward Books 675.00 6122   337 APP/FIE B12156 HIMR-BK-12156 25/01/2023 540.00 09/08/2013 Books B12156
        Smt. Hiraben Nanavati Institute of Management & Research for Women Smt. Hiraben Nanavati Institute of Management & Research for Women 28/08/2013 Forward Books 675.00 6122   337 APP/FIE B12157 HIMR-BK-12157 25/01/2023 540.00 09/08/2013 Books B12157
        Smt. Hiraben Nanavati Institute of Management & Research for Women Smt. Hiraben Nanavati Institute of Management & Research for Women 28/08/2013 Forward Books 675.00 6122   337 APP/FIE B12158 HIMR-BK-12158 25/01/2023 540.00 09/08/2013 Books B12158